| 000 | 00623nam a22002177a 4500 | ||
|---|---|---|---|
| 003 | OSt | ||
| 005 | 20260130032016.0 | ||
| 008 | 260130b |||||||| |||| 00| 0 eng d | ||
| 020 | _a0064471098 | ||
| 040 |
_aDWCL GS lib _cOC |
||
| 082 | _aFic. L673 1953 | ||
| 100 | _aLEWIS, C.S. | ||
| 245 |
_aTHE SILVER CHAIR : _bTHE CHRONICLES OF NARNIA / |
||
| 260 |
_aUnited Kingdom _bHarper Collins Publishers _cc1953. |
||
| 300 |
_avii, 198 pages: _billustrations ; _c17cm. |
||
| 546 | _aEnglish | ||
| 650 | _aChildren's fantasy novel | ||
| 650 | _aChristian literature | ||
| 700 | _aC.S. LEWIS | ||
| 942 |
_2ddc _cFIC. _hFic. _n0 |
||
| 999 |
_c8018 _d8018 |
||